|
|
|
|
| LEADER |
00000nam a22000007a 4500 |
| 005 |
20160929175519.0 |
| 007 |
cr|||| ||u| |
| 008 |
160929s2016 Ck |||||o|||| 001 0 spa d |
| 020 |
|
|
|a 978-958-771-270-4
|
| 035 |
|
|
|a 14144
|
| 040 |
|
|
|a vLex
|
| 090 |
|
|
|c 6249
|d 6249
|
| 100 |
1 |
|
|a Arv̌alo Reyes, Hčtor Daro̕
|
| 245 |
1 |
|
|a Constitucin̤ polt̕ica de Colombia 1991 comentada por Hčtor Daro̕ Arv̌alo Reyes
|h [Recurso eletrn̤ico] /
|c Hčtor Daro̕ Arv̌alo Reyes .
|
| 256 |
|
|
|a Servicio en ln̕ea
|
| 260 |
|
|
|a Bogota:
|b ECOE,
|c 2016.
|
| 300 |
|
|
|a 1 Recurso electrn̤ico
|
| 506 |
1 |
|
|a Disponible solo en los productos.
|d vLex Global
|d vLex Global (Academic Edition, excluding Law Schools)
|d vLex Global (U.S. Academic Edition, Law Schools)
|d vLex Global (U.S. Academic Edition, excluding Law Schools)
|d vLex Global (Academic Edition, Law Schools)
|
| 650 |
0 |
4 |
|a Derecho constitucional
|z Colombia
|
| 740 |
0 |
|
|a vLex libros (servicio en ln̕ea)
|
| 856 |
4 |
0 |
|z Acceso restringido
|u http://vlex.com/source/constitucion-politica-de-colombia-1991-14144
|
| 942 |
|
|
|c BOOK
|
| 999 |
0 |
|
|a Constitutional law
|